[Event "FIDE Olympiad Disabilties 2020"]
[Site "Online"]
[Date "2020.11.21"]
[Round "6.25"]
[White "Aslanhan, Halis"]
[Black "Khishigbayar, Mijgee"]
[Result "1-0"]
[WhiteElo "1810"]
[BlackElo "1847"]
[Annotator "NA"]
[PlyCount "89"]
[EventDate "2020.11.21"]
[EventType "team-tourn"]
[EventCountry "NET"]
[SourceTitle "playchess.com"]
[Source "ChessBase"]
[SourceQuality "1"]
[WhiteTeam "Turkey"]
[BlackTeam "Mongolia"]
[WhiteTeamCountry "TUR"]
[BlackTeamCountry "MGL"]

1. e4 c5 2. Nc3 Nc6 3. g3 d6 4. Bg2 Bd7 5. d3 g6 6. Be3 Bg7 7. Qd2 Nf6 8. h3 O-O 9. Bh6 a6 10. h4 b5 11. h5 Bxh6 12. Qxh6 Ng4 13. Qd2 f5 14. f3 Nf6 15. hxg6 e6 16. gxh7+ Nxh7 17. exf5 Rxf5 18. Ne4 Qe7 19. Qh6 Raf8 20. Qg6+ Kh8 21. g4 R5f7 22. Ng5 Ne5 23. Nxf7+ Rxf7 24. Qh6 Kg8 25. f4 Nxg4 26. Qg6+ Rg7 27. Rxh7 Rxg6 28. Rxe7 Ne3 29. Kf2 Nxg2 30. Rxd7 Nxf4 31. Rxd6 Kf7 32. Rxa6 Rg2+ 33. Kf3 e5 34. Nh3 Rxc2 35. Nxf4 exf4 36. b3 Rd2 37. Rc6 Rxd3+ 38. Kxf4 Rc3 39. Ke5 Ke7 40. Rc7+ Kd8 41. Ra7 Rd3 42. Rh1 Rd7 43. Rh8+ Ke7 44. Rh7+ Ke8 45. Rhxd7 1-0

[Event "FIDE Olympiad Disabilties 2020"]
[Site "Online"]
[Date "2020.11.21"]
[Round "6.27"]
[White "Vasquez, Georges"]
[Black "Cabrera Sosa, Marco Vinicio"]
[Result "0-1"]
[WhiteElo "1871"]
[BlackElo "1364"]
[Annotator "NA"]
[PlyCount "120"]
[EventDate "2020.11.21"]
[EventType "team-tourn"]
[EventCountry "NET"]
[SourceTitle "playchess.com"]
[Source "ChessBase"]
[SourceQuality "1"]
[WhiteTeam "France"]
[BlackTeam "Costa Rica"]
[WhiteTeamCountry "FRA"]
[BlackTeamCountry "CRI"]

1. d4 d5 2. Bf4 Bf5 3. e3 e6 4. Nf3 Bd6 5. Bxd6 Qxd6 6. c3 f6 7. Nbd2 Ne7 8. Be2 c5 9. O-O O-O 10. Nh4 c4 11. Nxf5 Nxf5 12. e4 Nh6 13. f4 Nd7 14. Qc2 Kh8 15. Rf3 f5 16. e5 Qe7 17. Rg3 Rg8 18. Nf3 a6 19. Ng5 Nf7 20. Nxf7+ Qxf7 21. b4 g6 22. a4 Rg7 23. h4 Nf8 24. Rh3 Qd7 25. Qd2 Ra7 26. Qe3 b5 27. a5 Qe8 28. h5 Kg8 29. Rf1 Kf7 30. hxg6+ hxg6 31. Rff3 Ke7 32. Rfg3 Kd8 33. Rh8 Rh7 34. Rh3 Rxh3 35. Rxh3 Rh7 36. Qg3 Qf7 37. Qg5+ Kd7 38. Qg3 Rxh3 39. Qxh3 Qh7 40. Qg3 Qh6 41. Qh2 Qxh2+ 42. Kxh2 Nh7 43. Kh3 g5 44. g3 Ke7 45. Bh5 g4+ 46. Kh4 Nf8 47. Kg5 Nd7 48. Bg6 Nb8 49. Bxf5 exf5 50. Kxf5 Nc6 51. Kxg4 Nxd4 52. f5 Ne2 53. Kf3 Nxc3 54. g4 d4 55. g5 Nd5 56. g6 d3 57. g7 Kf7 58. f6 c3 59. e6+ Kg8 60. e7 Nxf6 0-1

[Event "FIDE Olympiad Disabilties 2020"]
[Site "Online"]
[Date "2020.11.21"]
[Round "6.27"]
[White "Telles, Rigoberto"]
[Black "Afraoui, Solenn"]
[Result "0-1"]
[WhiteElo "1307"]
[BlackElo "1889"]
[Annotator "NA"]
[PlyCount "80"]
[EventDate "2020.11.21"]
[EventType "team-tourn"]
[EventCountry "NET"]
[SourceTitle "playchess.com"]
[Source "ChessBase"]
[SourceQuality "1"]
[WhiteTeam "Costa Rica"]
[BlackTeam "France"]
[WhiteTeamCountry "CRI"]
[BlackTeamCountry "FRA"]

1. e4 c5 2. Nf3 d6 3. Bc4 Nf6 4. d3 e6 5. O-O Be7 6. c3 O-O 7. h3 a6 8. a3 b5 9. Bb3 Bb7 10. Be3 Nbd7 11. Nbd2 Qc7 12. Re1 Rfd8 13. Bc2 Rac8 14. Rc1 Qb8 15. d4 cxd4 16. cxd4 Qa8 17. Bf4 Nf8 18. Bd3 Rxc1 19. Qxc1 Rc8 20. Qb1 Ng6 21. Bh2 Nh5 22. g3 Nf6 23. Kg2 e5 24. d5 Nd7 25. b4 Bd8 26. Rc1 Nb6 27. Nb3 Na4 28. Na5 Bxa5 29. bxa5 Nc5 30. Bc2 Rc7 31. Nd2 Qc8 32. Nb3 Nxb3 33. Qxb3 Rc3 34. Qb2 Qc5 35. Kf1 Bc8 36. Ke1 Bxh3 37. Kd2 Qd4+ 38. Ke1 Re3+ 39. fxe3 Qxe3+ 40. Kd1 Bg4# 0-1

[Event "FIDE Olympiad Disabilties 2020"]
[Site "Online"]
[Date "2020.11.21"]
[Round "6.27"]
[White "Mendez Dimarco, Steven Jose"]
[Black "Dumont, Frederic"]
[Result "0-1"]
[WhiteElo "1164"]
[BlackElo "1366"]
[Annotator "NA"]
[PlyCount "70"]
[EventDate "2020.11.21"]
[EventType "team-tourn"]
[EventCountry "NET"]
[SourceTitle "playchess.com"]
[Source "ChessBase"]
[SourceQuality "1"]
[WhiteTeam "Costa Rica"]
[BlackTeam "France"]
[WhiteTeamCountry "CRI"]
[BlackTeamCountry "FRA"]

1. e4 e5 2. Nf3 d6 3. Bc4 Be7 4. c3 Bg4 5. O-O Bxf3 6. Qxf3 Nf6 7. d4 O-O 8. Qg3 Kh8 9. Re1 Nc6 10. d5 Na5 11. Bd3 b6 12. b4 Nb7 13. Nd2 Qd7 14. h3 c6 15. Re3 cxd5 16. exd5 Nxd5 17. Rf3 Nxc3 18. Bb2 Nb5 19. Bf5 Qd8 20. Qg4 g6 21. Bd3 Nc7 22. Ne4 f5 23. Qg3 Bh4 24. Qh2 fxe4 25. Bxe4 Rb8 26. Rxf8+ Qxf8 27. Bxe5+ dxe5 28. Qxe5+ Bf6 29. Qxc7 Bxa1 30. f3 Nd6 31. Qc1 Bd4+ 32. Kf1 Nxe4 33. Ke2 Ng3+ 34. Kd3 Rd8 35. Qc4 Bf6+ 0-1

[Event "FIDE Olympiad Disabilties 2020"]
[Site "Online"]
[Date "2020.11.21"]
[Round "6.28"]
[White "Mendoza Lainez, Ricardo Jose"]
[Black "Almulla, Mohammed A.r."]
[Result "1-0"]
[WhiteElo "1137"]
[BlackElo "2023"]
[Annotator "TA"]
[PlyCount "47"]
[EventDate "2020.11.21"]
[EventType "team-tourn"]
[EventCountry "NET"]
[SourceTitle "playchess.com"]
[Source "ChessBase"]
[SourceQuality "1"]
[WhiteTeam "Nicaragua"]
[BlackTeam "United Arab Emirates"]
[WhiteTeamCountry "NCA"]
[BlackTeamCountry "UAE"]

1. e4 e5 2. Nf3 Nc6 3. Bc4 Nf6 4. d3 d5 5. exd5 Nxd5 6. Bg5 Be7 7. h4 h6 8. Bd2 O-O 9. Nc3 Be6 10. Ne4 Nd4 11. c3 Nxf3+ 12. gxf3 c6 13. Rg1 Bxh4 14. Qe2 b5 15. Bb3 Nf4 16. Qf1 Qxd3 17. Qxd3 Nxd3+ 18. Ke2 Rad8 19. Bxh6 Nf4+ 20. Kf1 g6 21. a3 Rd3 22. Bc2 Rdd8 23. b4 f5 24. Ng5 1-0

[Event "FIDE Olympiad Disabilties 2020"]
[Site "Online"]
[Date "2020.11.21"]
[Round "7.1"]
[White "Smirnov, Alexey"]
[Black "Bernardo, Darry"]
[Result "1-0"]
[WhiteElo "2436"]
[BlackElo "2114"]
[Annotator "RC"]
[PlyCount "93"]
[EventDate "2020.11.21"]
[EventType "team-tourn"]
[EventCountry "NET"]
[SourceTitle "playchess.com"]
[Source "ChessBase"]
[SourceQuality "1"]
[WhiteTeam "Russia"]
[BlackTeam "Philippines"]
[WhiteTeamCountry "RUS"]
[BlackTeamCountry "PHI"]

1. d4 d5 2. c4 c6 3. Nf3 Nf6 4. e3 e6 5. Nc3 Nbd7 6. Bd3 Bd6 7. e4 dxe4 8. Nxe4 Nxe4 9. Bxe4 Nf6 10. Bc2 h6 11. O-O O-O 12. Bd2 b6 13. Bc3 Bb7 14. Qe2 Qe7 15. a3 Rfd8 16. Rad1 c5 17. dxc5 Bxc5 18. Ne5 Rxd1 19. Rxd1 Rd8 20. b4 Rxd1+ 21. Qxd1 Bd6 22. Qd4 Qc7 23. Bd3 Bf8 24. f3 Qd6 25. Qxd6 Bxd6 26. Kf2 Kf8 27. h4 Ke7 28. g4 g5 29. h5 Ne8 30. Ke3 f6 31. Ng6+ Kf7 32. Be4 Ba6 33. Kd4 Bg3 34. Bc6 Bf2+ 35. Kd3 Nd6 36. b5 Bc8 37. Bb4 Nb7 38. Ne7 Nc5+ 39. Bxc5 Bxc5 40. Nxc8 Bxa3 41. Nxa7 Bc5 42. Be4 Ke7 43. Nc6+ Kd6 44. Bg6 Bg1 45. Bf7 Bf2 46. Bg8 e5 47. Ke4 1-0

[Event "FIDE Olympiad Disabilties 2020"]
[Site "Online"]
[Date "2020.11.21"]
[Round "7.1"]
[White "Babarykin, Stanislav"]
[Black "Severino, Sander"]
[Result "1-0"]
[WhiteElo "2387"]
[BlackElo "2364"]
[Annotator "RC"]
[PlyCount "99"]
[EventDate "2020.11.21"]
[EventType "team-tourn"]
[EventCountry "NET"]
[SourceTitle "playchess.com"]
[Source "ChessBase"]
[SourceQuality "1"]
[WhiteTeam "Russia"]
[BlackTeam "Philippines"]
[WhiteTeamCountry "RUS"]
[BlackTeamCountry "PHI"]

1. d4 Nf6 2. Bf4 e6 3. e3 c5 4. c3 Nc6 5. Nd2 d5 6. Ngf3 Bd6 7. Bg3 O-O 8. Bb5 Bxg3 9. hxg3 Qb6 10. Bxc6 bxc6 11. Qc2 cxd4 12. cxd4 Ba6 13. Ne5 g6 14. f3 Rfb8 15. Nb3 Bc4 16. Nxc4 dxc4 17. Qxc4 a5 18. Rb1 e5 19. O-O Nd5 20. Rfe1 exd4 21. Nxd4 Rc8 22. b3 Qc7 23. Rbc1 Qd6 24. e4 Ne7 25. e5 Qd8 26. e6 f6 27. Qc5 Qe8 28. Rcd1 Rd8 29. Ne2 a4 30. Nc3 axb3 31. axb3 Rxd1 32. Rxd1 Rd8 33. Rxd8 Qxd8 34. Ne4 Kg7 35. Qc3 Qb6+ 36. Kh2 Nd5 37. Qa1 Qc7 38. Kh1 h5 39. Qa6 Ne7 40. Qa3 g5 41. Qc5 Nd5 42. Nd6 Kg6 43. Qc2+ Kh6 44. Nf5+ Kh7 45. Ne7+ Kh8 46. Nxd5 Qxg3 47. Qc3 cxd5 48. e7 Qb8 49. Qxf6+ Kh7 50. Qf7+ 1-0

[Event "FIDE Olympiad Disabilties 2020"]
[Site "Online"]
[Date "2020.11.21"]
[Round "7.1"]
[White "Lopez, Henry"]
[Black "Obodchuk, Andrei"]
[Result "0-1"]
[WhiteElo "2107"]
[BlackElo "2299"]
[Annotator "TA"]
[PlyCount "140"]
[EventDate "2020.11.21"]
[EventType "team-tourn"]
[EventCountry "NET"]
[SourceTitle "playchess.com"]
[Source "ChessBase"]
[SourceQuality "1"]
[WhiteTeam "Philippines"]
[BlackTeam "Russia"]
[WhiteTeamCountry "PHI"]
[BlackTeamCountry "RUS"]

1. d4 Nf6 2. Nf3 e6 3. c4 b6 4. a3 Bb7 5. Nc3 d5 6. cxd5 Nxd5 7. e3 Be7 8. Bd3 O-O 9. O-O c5 10. Nxd5 exd5 11. Qc2 h6 12. b3 Nd7 13. Bb2 Rc8 14. Qe2 Bd6 15. Ne5 Nf6 16. f4 Qe7 17. a4 a5 18. Rac1 Ne4 19. f5 cxd4 20. exd4 Qg5 21. Rcd1 Rfe8 22. Bxe4 dxe4 23. f6 gxf6 24. Ng4 Ba6 25. Nxf6+ Qxf6 26. Qxa6 Qh4 27. g3 Bxg3 28. Qe2 Qxh2+ 29. Qxh2 Bxh2+ 30. Kxh2 Rc2+ 31. Kg3 Rxb2 32. Kf4 Rxb3 33. d5 e3 34. Rfe1 f6 35. d6 Kf7 36. d7 Rd8 37. Kf5 Rc3 38. Rd6 Rc5+ 39. Kf4 Re5 40. Rxe3 Rxe3 41. Kxe3 Ke7 42. Rxb6 Rxd7 43. Rb5 Kf7 44. Rxa5 Kg6 45. Rb5 Rd1 46. a5 Ra1 47. Kf4 Ra4+ 48. Kg3 f5 49. Rb6+ Kg5 50. a6 h5 51. Rb8 Ra3+ 52. Kf2 Rxa6 53. Rg8+ Kf4 54. Rh8 Ra2+ 55. Kg1 Kg3 56. Rg8+ Kf3 57. Rh8 Rg2+ 58. Kh1 Rg5 59. Kh2 f4 60. Kh3 Re5 61. Ra8 Kf2 62. Ra1 f3 63. Kh2 Re1 64. Ra3 Re2 65. Kh3 Re3 66. Ra1 h4 67. Kh2 Rd3 68. Ra4 Ke2 69. Re4+ Re3 70. Rf4 f2 0-1

[Event "FIDE Olympiad Disabilties 2020"]
[Site "Online"]
[Date "2020.11.21"]
[Round "7.1"]
[White "Mendoza, Cheyzer Crystal J."]
[Black "Gerasimova, Svetlana"]
[Result "1-0"]
[WhiteElo "1639"]
[BlackElo "1916"]
[Annotator "TA"]
[PlyCount "67"]
[EventDate "2020.11.21"]
[EventType "team-tourn"]
[EventCountry "NET"]
[SourceTitle "playchess.com"]
[Source "ChessBase"]
[SourceQuality "1"]
[WhiteTeam "Philippines"]
[BlackTeam "Russia"]
[WhiteTeamCountry "PHI"]
[BlackTeamCountry "RUS"]

1. e4 c5 2. c3 e5 3. Nf3 Nc6 4. Bc4 Nf6 5. d3 d5 6. exd5 Nxd5 7. O-O Bg4 8. h3 Bh5 9. Re1 Be7 10. g4 Bg6 11. Nxe5 Nxe5 12. Rxe5 O-O 13. Rxd5 Qc7 14. Qf3 Rad8 15. Bf4 Qb6 16. Qe2 Bh4 17. Rxd8 Rxd8 18. Na3 a6 19. Re1 h6 20. Rd1 Qf6 21. Be5 Qg5 22. d4 h5 23. Bc7 Rc8 24. Qe5 Qh6 25. d5 hxg4 26. hxg4 Bf6 27. Qg3 Bh4 28. Qf4 Bg5 29. Qh2 Bh4 30. d6 Qg5 31. Qg2 Qf4 32. Bd5 Qa4 33. Qf3 Rd8 34. Bxd8 1-0

[Event "FIDE Olympiad Disabilties 2020"]
[Site "Online"]
[Date "2020.11.21"]
[Round "7.2"]
[White "Yarmonov, Igor"]
[Black "Braun, Georg"]
[Result "1/2-1/2"]
[WhiteElo "2391"]
[BlackElo "2375"]
[Annotator "TA"]
[PlyCount "193"]
[EventDate "2020.11.21"]
[EventType "team-tourn"]
[EventCountry "NET"]
[SourceTitle "playchess.com"]
[Source "ChessBase"]
[SourceQuality "1"]
[WhiteTeam "Ukraine"]
[BlackTeam "Germany"]
[WhiteTeamCountry "UKR"]
[BlackTeamCountry "GER"]

1. d4 Nf6 2. c4 c5 3. d5 b5 4. cxb5 a6 5. bxa6 g6 6. Nc3 Bxa6 7. e4 Bxf1 8. Kxf1 d6 9. g3 Bg7 10. Kg2 O-O 11. Nf3 Qb6 12. Rb1 Na6 13. Qe2 Rfb8 14. b3 Nc7 15. Bg5 Qa6 16. Qxa6 Rxa6 17. Rhc1 Kf8 18. Nd2 Nd7 19. a4 Ne5 20. Ne2 Nd3 21. Rd1 Rab6 22. Be3 Rb4 23. f3 f5 24. Nc1 fxe4 25. fxe4 Nb2 26. Rf1+ Ke8 27. Na2 R4b7 28. Kf3 Nd3 29. Ke2 Ne5 30. h3 Nd7 31. Kd3 Ne5+ 32. Kc2 Na6 33. Bf4 Nd7 34. Rfe1 Nb6 35. g4 Kd7 36. Rf1 Bf6 37. Be3 Ke8 38. Rf3 Nd7 39. g5 Bg7 40. Bf4 Nb6 41. h4 Nxa4 42. e5 dxe5 43. Bg3 Nb6 44. Re1 Nxd5 45. Bxe5 Bxe5 46. Rxe5 Rd7 47. Nc4 Nac7 48. Re4 Nb5 49. Ne5 Nd4+ 50. Rxd4 cxd4 51. Nxd7 Kxd7 52. Rf7 Ra8 53. Nc1 Nb4+ 54. Kd2 Rh8 55. Nd3 Nxd3 56. Kxd3 h6 57. Rg7 hxg5 58. hxg5 Rh4 59. Rxg6 e6 60. Rh6 Rg4 61. Rh8 Kd6 62. b4 Ke5 63. Rg8 Rg3+ 64. Kd2 Rb3 65. Rb8 Rg3 66. Rg8 Kf5 67. b5 Rb3 68. g6 Kf6 69. g7 Rxb5 70. Rd8 Kxg7 71. Rxd4 Kf6 72. Rh4 Re5 73. Kd3 Ke7 74. Re4 Rd5+ 75. Ke3 Kd6 76. Rh4 Ra5 77. Rd4+ Ke5 78. Re4+ Kf5 79. Rf4+ Kg5 80. Re4 e5 81. Rc4 Kf5 82. Rc3 Ra4 83. Rb3 Rh4 84. Rb8 Rh3+ 85. Ke2 Kf4 86. Rf8+ Ke4 87. Ra8 Rh2+ 88. Ke1 Kf4 89. Ra4+ e4 90. Ra3 Rh5 91. Kf1 Rd5 92. Ke2 Rd8 93. Rh3 Ra8 94. Rh4+ Ke5 95. Rh7 Ra2+ 96. Ke3 Ra3+ 97. Ke2 1/2-1/2

[Event "FIDE Olympiad Disabilties 2020"]
[Site "Online"]
[Date "2020.11.21"]
[Round "7.2"]
[White "Eichstaedt, Mirko"]
[Black "Mukha, Nikolay"]
[Result "0-1"]
[WhiteElo "2236"]
[BlackElo "2163"]
[Annotator "TA"]
[PlyCount "64"]
[EventDate "2020.11.21"]
[EventType "team-tourn"]
[EventCountry "NET"]
[SourceTitle "playchess.com"]
[Source "ChessBase"]
[SourceQuality "1"]
[WhiteTeam "Germany"]
[BlackTeam "Ukraine"]
[WhiteTeamCountry "GER"]
[BlackTeamCountry "UKR"]

1. d4 Nf6 2. Nf3 e6 3. c4 b6 4. a3 Bb7 5. Nc3 Be7 6. d5 d6 7. e4 e5 8. g3 O-O 9. Bg2 c6 10. O-O cxd5 11. cxd5 Ba6 12. Re1 Nbd7 13. Be3 Nc5 14. Bxc5 bxc5 15. b4 cxb4 16. axb4 Qb6 17. Ra4 Rfc8 18. Qd2 Bc4 19. Rea1 Bb3 20. R4a3 Qxb4 21. Nb1 Qb6 22. Qb2 Rc2 23. Qxc2 Bxc2 24. Nbd2 Nxe4 25. Ra6 Qxf2+ 26. Kh1 Nxd2 27. Nxe5 Be4 28. Bxe4 Nxe4 29. Nc6 Bg5 30. Rxa7 Rxa7 31. Rxa7 Qf3+ 32. Kg1 Be3# 0-1

[Event "FIDE Olympiad Disabilties 2020"]
[Site "Online"]
[Date "2020.11.21"]
[Round "7.2"]
[White "von Erichsen, Annegret"]
[Black "Sovetov, Oleksandr"]
[Result "0-1"]
[WhiteElo "1998"]
[BlackElo "2022"]
[Annotator "TA"]
[PlyCount "128"]
[EventDate "2020.11.21"]
[EventType "team-tourn"]
[EventCountry "NET"]
[SourceTitle "playchess.com"]
[Source "ChessBase"]
[SourceQuality "1"]
[WhiteTeam "Germany"]
[BlackTeam "Ukraine"]
[WhiteTeamCountry "GER"]
[BlackTeamCountry "UKR"]

1. Nc3 d5 2. e4 d4 3. Nce2 e5 4. Ng3 Be6 5. Nf3 f6 6. Be2 Nh6 7. d3 Nf7 8. O-O Nc6 9. c3 Qd7 10. cxd4 Nxd4 11. Nxd4 Qxd4 12. Qc2 Qc5 13. Qa4+ Bd7 14. Qb3 Qb6 15. Qc2 Bc5 16. Bd2 Bd4 17. Bc3 c6 18. Bxd4 Qxd4 19. Qc3 Qd6 20. Rac1 Be6 21. a3 O-O 22. Rfd1 Rfd8 23. Qc5 Bb3 24. Rd2 Qxc5 25. Rxc5 g6 26. Bd1 Be6 27. Ne2 Nd6 28. f3 Nb5 29. Kf2 Nd4 30. Nxd4 Rxd4 31. Ke3 g5 32. Rc3 Kf7 33. Bb3 a5 34. Bxe6+ Kxe6 35. Rc4 Rad8 36. Rxd4 Rxd4 37. Rc2 Kd6 38. Rc4 Rxc4 39. dxc4 Kc5 40. Kd3 a4 41. Kc3 h5 42. g3 g4 43. fxg4 hxg4 44. Kd3 b6 45. Kc3 b5 46. cxb5 cxb5 47. b4+ axb3 48. Kxb3 Kd4 49. Kb4 Kxe4 50. Kxb5 Kd4 51. a4 e4 52. a5 e3 53. a6 e2 54. a7 e1=Q 55. a8=Q Qb1+ 56. Ka6 Qa2+ 57. Kb7 Qxa8+ 58. Kxa8 Ke3 59. Kb7 Kf2 60. Kc6 Kg2 61. Kd5 Kxh2 62. Ke6 Kxg3 63. Kxf6 Kf4 64. Ke6 g3 0-1

[Event "FIDE Olympiad Disabilties 2020"]
[Site "Online"]
[Date "2020.11.21"]
[Round "7.2"]
[White "Sovietova, Kateryna"]
[Black "Becker, Michael"]
[Result "0-1"]
[WhiteElo "1338"]
[BlackElo "2267"]
[Annotator "TA"]
[PlyCount "66"]
[EventDate "2020.11.21"]
[EventType "team-tourn"]
[EventCountry "NET"]
[SourceTitle "playchess.com"]
[Source "ChessBase"]
[SourceQuality "1"]
[WhiteTeam "Ukraine"]
[BlackTeam "Germany"]
[WhiteTeamCountry "UKR"]
[BlackTeamCountry "GER"]

1. d4 Nf6 2. Bf4 c5 3. e3 g6 4. Nf3 Bg7 5. c3 b6 6. Be2 O-O 7. O-O d6 8. h3 Bb7 9. Nbd2 Nbd7 10. Qc2 Re8 11. Rfd1 Rc8 12. Qb3 d5 13. Rac1 e6 14. Bb5 a6 15. Bxd7 Nxd7 16. Nf1 b5 17. N1h2 Qe7 18. Ng4 f6 19. Kf1 Nb6 20. Qc2 Nc4 21. Nd2 Nd6 22. Bxd6 Qxd6 23. Kg1 f5 24. Nh2 e5 25. Ndf3 cxd4 26. exd4 e4 27. Nd2 Bxd4 28. Qb3 Bxf2+ 29. Kxf2 Qxh2 30. Rh1 e3+ 31. Ke2 exd2+ 32. Kxd2 Qxg2+ 33. Kd1 Qe2# 0-1

[Event "FIDE Olympiad Disabilties 2020"]
[Site "Online"]
[Date "2020.11.21"]
[Round "7.3"]
[White "Tazbir, Marcin"]
[Black "Stachanczyk, Jacek"]
[Result "1-0"]
[WhiteElo "2513"]
[BlackElo "2122"]
[Annotator "TA"]
[PlyCount "73"]
[EventDate "2020.11.21"]
[EventType "team-tourn"]
[EventCountry "NET"]
[SourceTitle "playchess.com"]
[Source "ChessBase"]
[SourceQuality "1"]
[WhiteTeam "Poland"]
[BlackTeam "Poland"]
[WhiteTeamCountry "POL"]
[BlackTeamCountry "POL"]

1. c4 c5 2. g3 Nf6 3. Bg2 e6 4. Nf3 Nc6 5. O-O b6 6. d4 cxd4 7. Nxd4 Bb7 8. Nb5 d6 9. Bf4 e5 10. Bg5 Rc8 11. Nxa7 Nxa7 12. Bxb7 Rxc4 13. Qb3 Rc7 14. Bxf6 gxf6 15. Bg2 b5 16. Nc3 Be7 17. Nxb5 Nxb5 18. Qxb5+ Qd7 19. Qd3 f5 20. Qf3 e4 21. Qh5 Rc5 22. Rfd1 Qe6 23. Rac1 Re5 24. Bh3 O-O 25. e3 Qxa2 26. Bxf5 h6 27. b4 Bg5 28. Qg4 Kh8 29. h4 Bf6 30. Qf4 Bg7 31. Rxd6 Kg8 32. Bxe4 Rfe8 33. Bd3 R5e7 34. b5 Qa3 35. Rd1 Re5 36. Bc4 R5e7 37. Rd8 1-0

[Event "FIDE Olympiad Disabilties 2020"]
[Site "Online"]
[Date "2020.11.21"]
[Round "7.3"]
[White "Nowak, Lukasz"]
[Black "Tryjanska, Emilia"]
[Result "1-0"]
[WhiteElo "2265"]
[BlackElo "1425"]
[Annotator "TA"]
[PlyCount "99"]
[EventDate "2020.11.21"]
[EventType "team-tourn"]
[EventCountry "NET"]
[SourceTitle "playchess.com"]
[Source "ChessBase"]
[SourceQuality "1"]
[WhiteTeam "Poland"]
[BlackTeam "Poland"]
[WhiteTeamCountry "POL"]
[BlackTeamCountry "POL"]

1. e4 e5 2. Nf3 Nc6 3. Bb5 a6 4. Ba4 Nf6 5. O-O b5 6. Bb3 Be7 7. Re1 d6 8. c3 O-O 9. h3 Bb7 10. d4 Re8 11. Nbd2 h6 12. Nf1 Bf8 13. Ng3 Na5 14. Bc2 c5 15. d5 Nc4 16. a4 Nb6 17. Be3 Nc4 18. b3 Nxe3 19. Rxe3 bxa4 20. Rxa4 Nd7 21. Nd2 Be7 22. Nf5 Bg5 23. Rg3 Nb6 24. Ra1 Bc8 25. Nxg7 Kxg7 26. h4 Rg8 27. Qh5 Kf8 28. hxg5 hxg5 29. Bd1 Qf6 30. Qf3 Qxf3 31. Nxf3 f6 32. Nh2 Bd7 33. Bg4 Bxg4 34. Nxg4 Ke7 35. Rh3 Rg7 36. Nh6 Kd7 37. Nf5 Rf7 38. b4 cxb4 39. cxb4 Nc4 40. Rc3 Nd2 41. f3 Rc8 42. Rxc8 Kxc8 43. Nxd6+ Kd7 44. Nxf7 g4 45. Kf2 gxf3 46. gxf3 Ke7 47. Nh6 Kf8 48. Rxa6 Kg7 49. Ng4 Nc4 50. Rxf6 1-0

[Event "FIDE Olympiad Disabilties 2020"]
[Site "Online"]
[Date "2020.11.21"]
[Round "7.3"]
[White "Dukaczewski, Piotr"]
[Black "Molenda, Marcin"]
[Result "0-1"]
[WhiteElo "2163"]
[BlackElo "2349"]
[Annotator "TA"]
[PlyCount "84"]
[EventDate "2020.11.21"]
[EventType "team-tourn"]
[EventCountry "NET"]
[SourceTitle "playchess.com"]
[Source "ChessBase"]
[SourceQuality "1"]
[WhiteTeam "Poland"]
[BlackTeam "Poland"]
[WhiteTeamCountry "POL"]
[BlackTeamCountry "POL"]

1. c4 Nf6 2. g3 g6 3. Bg2 Bg7 4. Nc3 O-O 5. Nf3 d6 6. O-O c6 7. Rb1 e5 8. d3 Re8 9. e4 Na6 10. b4 Nc7 11. d4 exd4 12. Nxd4 Ne6 13. Nb3 h6 14. Qd3 Ng5 15. h4 Ngxe4 16. Nxe4 Nxe4 17. Bxe4 Rxe4 18. Bxh6 Bxh6 19. Qxe4 Bf5 20. Qd4 Bg7 21. Qe3 Bxb1 22. Rxb1 Qb6 23. Qd2 Rd8 24. Rd1 d5 25. c5 Qc7 26. Nd4 Qe5 27. Nf3 Qf5 28. Qe3 Bf6 29. Kg2 Kg7 30. Rd2 Rd7 31. Nd4 Qg4 32. f3 Qh5 33. Re2 Re7 34. Qd3 Rxe2+ 35. Nxe2 Qe5 36. a3 b6 37. cxb6 axb6 38. Nf4 Qc3 39. Qa6 Qd2+ 40. Kh3 Qf2 41. Kg4 Be5 42. Nd3 Qxg3# 0-1

[Event "FIDE Olympiad Disabilties 2020"]
[Site "Online"]
[Date "2020.11.21"]
[Round "7.3"]
[White "Migala, Andrzej"]
[Black "Stolarczyk, Anna"]
[Result "1-0"]
[WhiteElo "2080"]
[BlackElo "1909"]
[Annotator "TA"]
[PlyCount "83"]
[EventDate "2020.11.21"]
[EventType "team-tourn"]
[EventCountry "NET"]
[SourceTitle "playchess.com"]
[Source "ChessBase"]
[SourceQuality "1"]
[WhiteTeam "Poland"]
[BlackTeam "Poland"]
[WhiteTeamCountry "POL"]
[BlackTeamCountry "POL"]

1. e4 c6 2. d4 d5 3. e5 Bf5 4. h4 h6 5. g4 Bg6 6. h5 Bh7 7. Bd3 Bxd3 8. Qxd3 e6 9. f4 c5 10. Nf3 Nc6 11. Be3 cxd4 12. Nxd4 Qa5+ 13. c3 Nxd4 14. Bxd4 Ne7 15. Nd2 Nc6 16. Nb3 Qc7 17. O-O Nxd4 18. cxd4 Be7 19. Rac1 Qd7 20. Rc2 O-O 21. Rg2 f5 22. exf6 Rxf6 23. g5 hxg5 24. fxg5 Rxf1+ 25. Kxf1 Rf8+ 26. Kg1 Rf5 27. Qe3 b6 28. Nd2 e5 29. Nf3 e4 30. Nh4 Rf7 31. Ng6 Bd6 32. h6 Rf3 33. Qc1 a5 34. a3 b5 35. Nh4 Rh3 36. Qe1 Qa7 37. Qf2 e3 38. h7+ Kh8 39. Qf5 Rxh4 40. Qc8+ Kxh7 41. g6+ Kh6 42. Qh8# 1-0

[Event "FIDE Olympiad Disabilties 2020"]
[Site "Online"]
[Date "2020.11.21"]
[Round "7.4"]
[White "Meshkov, Yuri A."]
[Black "Shashikant, Kutwal"]
[Result "1-0"]
[WhiteElo "2351"]
[BlackElo "2182"]
[Annotator "TA"]
[PlyCount "77"]
[EventDate "2020.11.21"]
[EventType "team-tourn"]
[EventCountry "NET"]
[SourceTitle "playchess.com"]
[Source "ChessBase"]
[SourceQuality "1"]
[WhiteTeam "Russia"]
[BlackTeam "India"]
[WhiteTeamCountry "RUS"]
[BlackTeamCountry "IND"]

1. c4 Nf6 2. g3 g6 3. Bg2 Bg7 4. Nc3 O-O 5. d4 d6 6. Nf3 Nc6 7. O-O a6 8. Nd5 Ne8 9. h3 e6 10. Nc3 Na5 11. b3 Rb8 12. Bg5 f6 13. Bd2 f5 14. Rc1 Nf6 15. Qc2 b6 16. e4 Nc6 17. exf5 gxf5 18. d5 Nb4 19. Qb1 exd5 20. a3 Nc6 21. cxd5 Ne7 22. Nd4 Bd7 23. Qd3 Kh8 24. Rfe1 Ng6 25. f4 Nh5 26. Ne6 Bxe6 27. Rxe6 Qd7 28. Ne2 c5 29. Qxa6 Rfe8 30. Rxe8+ Rxe8 31. Qd3 Nf6 32. Nc3 Ne4 33. Be1 Qe7 34. Kh2 h5 35. Nxe4 fxe4 36. Qe2 Bh6 37. Qxh5 Kh7 38. Rc4 e3 39. Re4 1-0

[Event "FIDE Olympiad Disabilties 2020"]
[Site "Online"]
[Date "2020.11.21"]
[Round "7.4"]
[White "Kishan, Gangolli"]
[Black "Pakhomov, Alexey"]
[Result "1/2-1/2"]
[WhiteElo "2128"]
[BlackElo "2315"]
[Annotator "TA"]
[PlyCount "35"]
[EventDate "2020.11.21"]
[EventType "team-tourn"]
[EventCountry "NET"]
[SourceTitle "playchess.com"]
[Source "ChessBase"]
[SourceQuality "1"]
[WhiteTeam "India"]
[BlackTeam "Russia"]
[WhiteTeamCountry "IND"]
[BlackTeamCountry "RUS"]

1. d4 c5 2. d5 e5 3. e4 d6 4. Be2 Be7 5. Nf3 Nf6 6. Nc3 Bg4 7. Nd2 Bxe2 8. Qxe2 Nbd7 9. O-O O-O 10. a4 Ne8 11. Nc4 Bg5 12. g3 Bxc1 13. Raxc1 Qe7 14. Rce1 g6 15. f4 exf4 16. gxf4 f6 17. Qg4 Nc7 18. Re2 1/2-1/2